000 00516 a2200193 4500
005 20250526164358.0
008 250526b |||||||| |||| 00| 0 eng d
020 _a9781639895359
_c$ 156.99
040 _aMAIN
082 _a615.792
_bG352U
100 _aGibbons, Scott
245 _aUnderstanding antimicrobial drug resistance
260 _bStates Academic Press
_c2021
_aNew York
300 _aviii, 237
650 _aDrug Resistance
650 _aPharmacology
650 _aMicroorganisms
942 _cBK
999 _c360803
_d360803